{"text_format":"3","workbook":"xls","n_sheets":3,"sheets":["Sheet1","Sheet2","Sheet3"],"read":"whole","date_system":"1900","formulas":"cached_only"}

{"sheet":"Sheet1","index":0,"n_rows":163,"n_cols":9,"rows_kept":163,"merged":[[0,0,0,8],[1,0,1,8],[75,0,75,1],[76,0,76,8],[158,0,158,8]],"flags":["formulas_cached_only"]}
["拍品清单"]
["办公设备"]
[1,"挂式空调","小天鹅1P","台",1,"2013-11-30","门岗",{"v":760,"d":"760.00"},{"v":760,"d":"760.00"}]
[2,"电脑",null,"套",1,"2015-06-30","门岗",{"v":2300,"d":"2,300.00"},{"v":2300,"d":"2,300.00"}]
[3,"监控设备",null,"套",1,"2014-03-31","门岗",{"v":13000,"d":"13,000.00"},{"v":13000,"d":"13,000.00"}]
[4,"电视","长虹","台",1,"2014-03-31","门岗",{"v":532,"d":"532.00"},{"v":532,"d":"532.00"}]
[5,"饮水机",null,"台",1,"2014-03-31","门岗",{"v":100,"d":"100.00"},{"v":100,"d":"100.00"}]
[6,"大门联动开关",null,"套",1,"2010-01-30","门岗",{"v":236,"d":"236.00"},{"v":236,"d":"236.00"}]
[7,"显示器","废品，长虹","台",2,"2010-01-30","门岗",{"v":236,"d":"236.00"},{"v":472,"d":"472.00"}]
[8,"冰柜",null,"台",1,"2010-01-30","食堂",{"v":1100,"d":"1,100.00"},{"v":1100,"d":"1,100.00"}]
[9,"电视","长虹","台",1,"2010-01-30","员工寝室",{"v":500,"d":"500.00"},{"v":500,"d":"500.00"}]
[10,"热水器","樱雪","台",1,"2010-01-30","员工寝室",{"v":170,"d":"170.00"},{"v":170,"d":"170.00"}]
[11,"饮水机",null,"台",1,"2010-01-30","市场营销部",{"v":100,"d":"100.00"},{"v":100,"d":"100.00"}]
[12,"电脑",null,"套",1,"2013-11-30","市场营销部",{"v":2450,"d":"2,450.00"},{"v":2450,"d":"2,450.00"}]
[13,"打印机","HPLJ pro400","台",1,"2013-11-30","市场营销部",{"v":2400,"d":"2,400.00"},{"v":2400,"d":"2,400.00"}]
[14,"碎纸机",null,"台",1,"2013-11-30","市场营销部",{"v":309,"d":"309.00"},{"v":309,"d":"309.00"}]
[15,"打印机","SHARP AR-2048S","台",1,"2014-03-31","工程部",{"v":2900,"d":"2,900.00"},{"v":2900,"d":"2,900.00"}]
[16,"挂式空调（旧）","夏普","台",1,"2014-03-31","工程部",{"v":4560,"d":"4,560.00"},{"v":4560,"d":"4,560.00"}]
[17,"饮水机","美菱","台",1,"2013-11-30","工程部",{"v":219,"d":"219.00"},{"v":219,"d":"219.00"}]
[18,"电脑","清华同方","套",1,"2015-06-30","工程部",{"v":1860,"d":"1,860.00"},{"v":1860,"d":"1,860.00"}]
[19,"打印机（废品）","夏普AR282NA","台",1,"2010-01-30","压力管道安装管理部",{"v":2350,"d":"2,350.00"},{"v":2350,"d":"2,350.00"}]
[20,"挂式空调（旧）","夏普","台",1,"2014-03-31","党群工作部稽核处",{"v":4560,"d":"4,560.00"},{"v":4560,"d":"4,560.00"}]
[21,"保险柜","偃师市云关金柜厂","个",1,"2013-11-30","党群工作部稽核处",{"v":850,"d":"850.00"},{"v":850,"d":"850.00"}]
[22,"饮水机",null,"台",1,"2010-01-30","党群工作部稽核处",{"v":100,"d":"100.00"},{"v":100,"d":"100.00"}]
[23,"饮水机（废品）",null,"台",3,"2010-01-30","联络室",{"v":100,"d":"100.00"},{"v":300,"d":"300.00"}]
[24,"传真机（废品）",null,"台",1,"2010-01-30","联络室",{"v":448,"d":"448.00"},{"v":448,"d":"448.00"}]
[25,"显示器（废品）",null,"台",1,"2010-01-30","联络室",{"v":213,"d":"213.00"},{"v":213,"d":"213.00"}]
[26,"传真机","photar","台",1,"2010-01-30","行政人力资源部",{"v":690,"d":"690.00"},{"v":690,"d":"690.00"}]
[27,"电脑",null,"套",2,"2010-01-30","行政人力资源部",{"v":2300,"d":"2,300.00"},{"v":4600,"d":"4,600.00"}]
[28,"保险柜（小）","宝塔","个",1,"2010-01-30","行政人力资源部",{"v":888,"d":"888.00"},{"v":888,"d":"888.00"}]
[29,"保险柜（小）","君宝","个",1,"2010-01-30","行政人力资源部",{"v":598,"d":"598.00"},{"v":598,"d":"598.00"}]
[30,"保险柜（大）","君宝","个",1,"2010-01-30","行政人力资源部",{"v":1099,"d":"1,099.00"},{"v":1099,"d":"1,099.00"}]
[31,"监控主机","fast fs16","台",1,"2013-11-30","行政人力资源部",{"v":149,"d":"149.00"},{"v":149,"d":"149.00"}]
[32,"监控主机","fast fs24","台",1,"2013-11-30","行政人力资源部",{"v":190,"d":"190.00"},{"v":190,"d":"190.00"}]
[33,"监控主机","KKD","台",1,"2013-11-30","行政人力资源部",{"v":2200,"d":"2,200.00"},{"v":2200,"d":"2,200.00"}]
[34,"饮水机",null,"台",1,"2015-06-30","安技处",{"v":100,"d":"100.00"},{"v":100,"d":"100.00"}]
[35,"打印机","HPLJ1022","台",1,"2015-06-30","安技处",{"v":1850,"d":"1,850.00"},{"v":1850,"d":"1,850.00"}]
[36,"柜式空调","海信","台",1,"2014-03-31","会议室",{"v":800,"d":"800.00"},{"v":800,"d":"800.00"}]
[37,"柜式空调（旧）","长虹2002年","台",2,"2014-03-31","会议室",{"v":520,"d":"520.00"},{"v":1040,"d":"1,040.00"}]
[38,"投影设备",null,"套",1,"2014-03-31","会议室",{"v":6800,"d":"6,800.00"},{"v":6800,"d":"6,800.00"}]
[39,"音响设备","奥斯曼，VAM(M7060)，RAGAO，音箱两台","套",1,"2010-01-30","会议室",{"v":4800,"d":"4,800.00"},{"v":4800,"d":"4,800.00"}]
[40,"挂式空调（旧）","夏普","台",1,"2013-11-30","董事长办公室",{"v":4560,"d":"4,560.00"},{"v":4560,"d":"4,560.00"}]
[41,"柜式空调","海信","台",1,"2013-11-30","董事长办公室",{"v":3800,"d":"3,800.00"},{"v":3800,"d":"3,800.00"}]
[42,"电脑","LG,联想","套",1,"2013-11-30","董事长办公室",{"v":2650,"d":"2,650.00"},{"v":2650,"d":"2,650.00"}]
[43,"保险柜","盾牌","个",1,"2013-11-30","董事长办公室",{"v":498,"d":"498.00"},{"v":498,"d":"498.00"}]
[44,"电视机","长虹","台",1,"2015-06-30","董事长办公室",{"v":1020,"d":"1,020.00"},{"v":1020,"d":"1,020.00"}]
[45,"挂式空调（旧）",null,"台",1,"2015-06-30","总经理办公室",{"v":2499,"d":"2,499.00"},{"v":2499,"d":"2,499.00"}]
[46,"挂式空调（旧）","美的","台",1,"2015-06-30","总会计师",{"v":2499,"d":"2,499.00"},{"v":2499,"d":"2,499.00"}]
[47,"饮水机","安吉尔","台",1,"2014-03-31","总会计师",{"v":325,"d":"325.00"},{"v":325,"d":"325.00"}]
[48,"打印机","得实AR-500","台",1,"2013-11-30","财务成本室",{"v":5000,"d":"5,000.00"},{"v":5000,"d":"5,000.00"}]
[49,"打印机","联想dp500","台",1,"2013-11-30","财务成本室",{"v":1990,"d":"1,990.00"},{"v":1990,"d":"1,990.00"}]
[50,"扫描仪","虹光fb2600c","台",1,"2010-01-30","财务成本室",{"v":1199,"d":"1,199.00"},{"v":1199,"d":"1,199.00"}]
[51,"电脑",null,"套",1,"2014-03-31","财务成本室",{"v":2300,"d":"2,300.00"},{"v":2300,"d":"2,300.00"}]
[52,"饮水机",null,"台",1,"2010-01-30","财务成本室",{"v":100,"d":"100.00"},{"v":100,"d":"100.00"}]
[53,"柜式空调","LG","台",1,"2014-03-31","财务处",{"v":3050,"d":"3,050.00"},{"v":3050,"d":"3,050.00"}]
[54,"电脑",null,"套",3,"2014-03-31","财务处",{"v":2300,"d":"2,300.00"},{"v":6900,"d":"6,900.00"}]
[55,"装订机",null,"台",3,"2015-06-30","财务处",{"v":245,"d":"245.00"},{"v":735,"d":"735.00"}]
[56,"饮水机",null,"台",1,"2015-06-30","财务处",{"v":100,"d":"100.00"},{"v":100,"d":"100.00"}]
[57,"点钞机","康忆","台",1,"2014-03-31","财务处",{"v":350,"d":"350.00"},{"v":350,"d":"350.00"}]
[58,"打印机","hplj M1005 mfp","台",1,"2013-11-30","财务处",{"v":1851,"d":"1,851.00"},{"v":1851,"d":"1,851.00"}]
[59,"打印机","hplj 1020 plus","台",1,"2013-11-30","财务处",{"v":1479,"d":"1,479.00"},{"v":1479,"d":"1,479.00"}]
[60,"打印机","hplj cp1025 color","台",1,"2013-11-30","财务处",{"v":1859,"d":"1,859.00"},{"v":1859,"d":"1,859.00"}]
[61,"打印机","Xerox phaser 3117","台",1,"2013-11-30","财务处",{"v":1859,"d":"1,859.00"},{"v":1859,"d":"1,859.00"}]
[62,"保险柜（大）","盾牌","个",1,"2014-03-31","财务处",{"v":2650,"d":"2,650.00"},{"v":2650,"d":"2,650.00"}]
[63,"保险柜（小）","永宝","个",1,"2014-03-31","财务处",{"v":899,"d":"899.00"},{"v":899,"d":"899.00"}]
[64,"保险柜（小）","君宝","个",1,"2015-06-30","财务处",{"v":598,"d":"598.00"},{"v":598,"d":"598.00"}]
[65,"复印机（废品）",null,"台",1,"2010-01-30","培训中心",{"v":2500,"d":"2,500.00"},{"v":2500,"d":"2,500.00"}]
[66,"饮水机",null,"台",1,"2014-03-31","员工寝室",{"v":100,"d":"100.00"},{"v":100,"d":"100.00"}]
[67,"电脑",null,"套",1,"2014-03-31","档案室",{"v":2300,"d":"2,300.00"},{"v":2300,"d":"2,300.00"}]
[68,"保险柜（小）","五塔","个",1,"2014-03-31","档案室",{"v":298,"d":"298.00"},{"v":298,"d":"298.00"}]
[69,"挂式空调（旧）","华菱","台",1,"2010-01-30","杂物室",{"v":2200,"d":"2,200.00"},{"v":2200,"d":"2,200.00"}]
[70,"传真机",null,"个",1,"2013-7-31"]
[71,"复印机",null,"台",4,"2013-7-31"]
[72,"投影仪",null,"台",1,"2013-7-31"]
[73,{"$nulls":6},"合计",{"v":42262.75,"d":"42,262.75"}]
["合        计"]
["机器设备"]
[74,"龙门吊","10T","台",14,"2009-01-31",{"v":1120000,"d":"1,120,000.00"},{"v":0.3,"d":"30%"},{"v":336000,"d":"336,000.00"}]
[75,"龙门吊","5T","台",2,"2009-01-31",{"v":92000,"d":"92,000.00"},{"v":0.3,"d":"30%"},{"v":27600,"d":"27,600.00"}]
[76,"交流电焊机",null,"台",129,"2009-01-31",{"v":276060,"d":"276,060.00"},{"v":0.3,"d":"30%"},{"v":82818,"d":"82,818.00"}]
[77,"直流电焊机",630,"台",15,"2009-01-31",{"v":38250,"d":"38,250.00"},{"v":0.3,"d":"30%"},{"v":11475,"d":"11,475.00"}]
[78,"直流电焊机","小","台",5,"2009-05-31",{"v":12750,"d":"12,750.00"},{"v":0.3,"d":"30%"},{"v":3825,"d":"3,825.00"}]
[79,"二保电焊机",null,"台",8,"2009-05-31",{"v":32000,"d":"32,000.00"},{"v":0.3,"d":"30%"},{"v":9600,"d":"9,600.00"}]
[80,"埋弧电焊机",null,"台",5,"2009-05-31",{"v":175720,"d":"175,720.00"},{"v":0.3,"d":"30%"},{"v":52716,"d":"52,716.00"}]
[81,"等离子焊机",null,"台",1,"2009-10-31",{"v":5500,"d":"5,500.00"},{"v":0.3,"d":"30%"},{"v":1650,"d":"1,650.00"}]
[82,"卷板机","15-25*2000","台",20,"2009-10-31",{"v":1714000,"d":"1,714,000.00"},{"v":0.2,"d":"20%"},{"v":342800,"d":"342,800.00"}]
[83,"卷板机","10*1800","台",1,"2009-10-31",{"v":13000,"d":"13,000.00"},{"v":0.2,"d":"20%"},{"v":2600,"d":"2,600.00"}]
[84,"卷扬机","5T","台",12,"2009-10-31",{"v":153600,"d":"153,600.00"},{"v":0.2,"d":"20%"},{"v":30720,"d":"30,720.00"}]
[85,"卷扬机","1-3T","台",22,"2009-10-31",{"v":127600,"d":"127,600.00"},{"v":0.2,"d":"20%"},{"v":25520,"d":"25,520.00"}]
[86,"经纬仪",null,"台",7,"2009-10-31",{"v":42000,"d":"42,000.00"},{"v":0.2,"d":"20%"},{"v":8400,"d":"8,400.00"}]
[87,"水准仪 ",null,"台",17,"2009-10-31",{"v":17000,"d":"17,000.00"},{"v":0.2,"d":"20%"},{"v":3400,"d":"3,400.00"}]
[88,"探伤仪",null,"台",3,"2010-01-31",{"v":25500,"d":"25,500.00"},{"v":0.3,"d":"30%"},{"v":7650,"d":"7,650.00"}]
[89,"空压机","63带杀罐，储气罐","台",4,"2010-01-31",{"v":20000,"d":"20,000.00"},{"v":0.3,"d":"30%"},{"v":6000,"d":"6,000.00"}]
[90,"空压机",null,"台",15,"2010-01-31",{"v":30000,"d":"30,000.00"},{"v":0.3,"d":"30%"},{"v":9000,"d":"9,000.00"}]
[91,"储气罐",null,"台",5,"2010-01-31",{"v":11500,"d":"11,500.00"},{"v":0.3,"d":"30%"},{"v":3450,"d":"3,450.00"}]
[92,"打码机",null,"台",2,"2010-02-28",{"v":5200,"d":"5,200.00"},{"v":0.3,"d":"30%"},{"v":1560,"d":"1,560.00"}]
[93,"扭剪扳手",null,"台",1,"2010-02-28",{"v":4300,"d":"4,300.00"},{"v":0.3,"d":"30%"},{"v":1290,"d":"1,290.00"}]
[94,"磁力钻",null,"台",3,"2010-02-28",{"v":8550,"d":"8,550.00"},{"v":0.3,"d":"30%"},{"v":2565,"d":"2,565.00"}]
[95,"硫化机",null,"台",1,"2010-11-30",{"v":50000,"d":"50,000.00"},{"v":0.3,"d":"30%"},{"v":15000,"d":"15,000.00"}]
[96,"校直机",null,"台",1,"2010-11-30",{"v":6600,"d":"6,600.00"},{"v":0.3,"d":"30%"},{"v":1980,"d":"1,980.00"}]
[97,"电动扭力扳手",null,"台",2,"2010-11-30",{"v":5300,"d":"5,300.00"},{"v":0.3,"d":"30%"},{"v":1590,"d":"1,590.00"}]
[98,"液压弯管器",null,"台",6,"2010-11-30",{"v":13800,"d":"13,800.00"},{"v":0.3,"d":"30%"},{"v":4140,"d":"4,140.00"}]
[99,"液压千斤顶","200t","台",2,"2010-11-30",{"v":18400,"d":"18,400.00"},{"v":0.3,"d":"30%"},{"v":5520,"d":"5,520.00"}]
[100,"液压千斤顶","100t","台",10,"2010-11-30",{"v":40000,"d":"40,000.00"},{"v":0.3,"d":"30%"},{"v":12000,"d":"12,000.00"}]
[101,"液压千斤顶","8T-50T","台",15,"2010-11-30",{"v":51000,"d":"51,000.00"},{"v":0.3,"d":"30%"},{"v":15300,"d":"15,300.00"}]
[102,"机械千斤顶","8T-32t","台",20,"2010-11-30",{"v":38000,"d":"38,000.00"},{"v":0.3,"d":"30%"},{"v":11400,"d":"11,400.00"}]
[103,"机械千斤顶","50t","台",6,"2010-11-30",{"v":13560,"d":"13,560.00"},{"v":0.3,"d":"30%"},{"v":4068,"d":"4,068.00"}]
[104,"手拉葫芦","20T","台",7,"2010-11-30",{"v":66080,"d":"66,080.00"},{"v":0.3,"d":"30%"},{"v":19824,"d":"19,824.00"}]
[105,"手拉葫芦","10T","台",14,"2010-11-30",{"v":69986,"d":"69,986.00"},{"v":0.3,"d":"30%"},{"v":20995.8,"d":"20,995.80"}]
[106,"手拉葫芦","1-3T","台",75,"2010-11-30",{"v":126750,"d":"126,750.00"},{"v":0.3,"d":"30%"},{"v":38025,"d":"38,025.00"}]
[107,"手拉葫芦","5T","台",80,"2011-03-31",{"v":88000,"d":"88,000.00"},{"v":0.4,"d":"40%"},{"v":35200,"d":"35,200.00"}]
[108,"烘箱",null,"台",3,"2011-03-31",{"v":9300,"d":"9,300.00"},{"v":0.4,"d":"40%"},{"v":3720,"d":"3,720.00"}]
[109,"角磨机",null,"台",3,"2011-03-31",{"v":3300,"d":"3,300.00"},{"v":0.4,"d":"40%"},{"v":1320,"d":"1,320.00"}]
[110,"搅拌机",null,"台",4,"2011-03-31",{"v":9200,"d":"9,200.00"},{"v":0.4,"d":"40%"},{"v":3680,"d":"3,680.00"}]
[111,"电锤",null,"台",4,"2011-03-31",{"v":8800,"d":"8,800.00"},{"v":0.4,"d":"40%"},{"v":3520,"d":"3,520.00"}]
[112,"框式水平仪",null,"台",37,"2011-03-31",{"v":45140,"d":"45,140.00"},{"v":0.4,"d":"40%"},{"v":18056,"d":"18,056.00"}]
[113,"条式水平仪",null,"台",7,"2011-03-31",{"v":7700,"d":"7,700.00"},{"v":0.4,"d":"40%"},{"v":3080,"d":"3,080.00"}]
[114,"电动导丝机","1/2\"-3\"","台",8,"2011-03-31",{"v":24800,"d":"24,800.00"},{"v":0.4,"d":"40%"},{"v":9920,"d":"9,920.00"}]
[115,"半自动割刀",null,"台",11,"2011-04-30",{"v":82500,"d":"82,500.00"},{"v":0.4,"d":"40%"},{"v":33000,"d":"33,000.00"}]
[116,"台式砂轮机",null,"台",4,"2011-04-30",{"v":4800,"d":"4,800.00"},{"v":0.4,"d":"40%"},{"v":1920,"d":"1,920.00"}]
[117,"电动扳手",null,"台",3,"2011-04-30",{"v":9600,"d":"9,600.00"},{"v":0.4,"d":"40%"},{"v":3840,"d":"3,840.00"}]
[118,"手电钻",null,"台",3,"2011-04-30",{"v":6300,"d":"6,300.00"},{"v":0.4,"d":"40%"},{"v":2520,"d":"2,520.00"}]
[119,"扭力扳手",null,"台",10,"2011-04-30",{"v":42000,"d":"42,000.00"},{"v":0.4,"d":"40%"},{"v":16800,"d":"16,800.00"}]
[120,"钢板夹",null,"台",15,"2011-04-30",{"v":25320,"d":"25,320.00"},{"v":0.4,"d":"40%"},{"v":10128,"d":"10,128.00"}]
[121,"木工台锯，刨木机",null,"台",3,"2011-04-30",{"v":5280,"d":"5,280.00"},{"v":0.4,"d":"40%"},{"v":2112,"d":"2,112.00"}]
[122,"龙门钳",null,"台",2,"2011-04-30",{"v":720,"d":"720.00"},{"v":0.4,"d":"40%"},{"v":288,"d":"288.00"}]
[123,"行走小车","3T","台",3,"2011-04-30",{"v":14400,"d":"14,400.00"},{"v":0.4,"d":"40%"},{"v":5760,"d":"5,760.00"}]
[124,"配电柜",null,"台",15,"2011-04-30",{"v":34500,"d":"34,500.00"},{"v":0.4,"d":"40%"},{"v":13800,"d":"13,800.00"}]
[125,"电磨",null,"台",2,"2011-04-30",{"v":2600,"d":"2,600.00"},{"v":0.4,"d":"40%"},{"v":1040,"d":"1,040.00"}]
[126,"叉车",null,"台",6,"2011-04-30",{"v":192000,"d":"192,000.00"},{"v":0.4,"d":"40%"},{"v":76800,"d":"76,800.00"}]
[127,"振动电机",null,"台",9,"2011-04-30",{"v":24750,"d":"24,750.00"},{"v":0.4,"d":"40%"},{"v":9900,"d":"9,900.00"}]
[128,"行走小车","5T","台",4,"2011-04-30",{"v":19200,"d":"19,200.00"},{"v":0.4,"d":"40%"},{"v":7680,"d":"7,680.00"}]
[129,"电动坡口机",null,"台",1,"2011-04-30",{"v":2600,"d":"2,600.00"},{"v":0.4,"d":"40%"},{"v":1040,"d":"1,040.00"}]
[130,"手动扳丝机","1-2\"-2","台",4,"2011-04-30",{"v":8200,"d":"8,200.00"},{"v":0.4,"d":"40%"},{"v":3280,"d":"3,280.00"}]
[131,"手动扳丝机","4\"","台",1,"2011-04-30",{"v":2050,"d":"2,050.00"},{"v":0.4,"d":"40%"},{"v":820,"d":"820.00"}]
[132,"手摇抽油泵",null,"台",6,"2011-04-30",{"v":18000,"d":"18,000.00"},{"v":0.4,"d":"40%"},{"v":7200,"d":"7,200.00"}]
[133,"潜水泵",null,"台",3,"2011-12-31",{"v":9900,"d":"9,900.00"},{"v":0.4,"d":"40%"},{"v":3960,"d":"3,960.00"}]
[134,"柴油发电机",null,"台",3,"2011-12-31",{"v":5100,"d":"5,100.00"},{"v":0.4,"d":"40%"},{"v":2040,"d":"2,040.00"}]
[135,"鼓风机",null,"台",5,"2011-12-31",{"v":15500,"d":"15,500.00"},{"v":0.4,"d":"40%"},{"v":6200,"d":"6,200.00"}]
[136,"摇臂钻床","Z35、50mm","台",1,"2011-12-31",{"v":19800,"d":"19,800.00"},{"v":0.4,"d":"40%"},{"v":7920,"d":"7,920.00"}]
[137,"摇臂钻床","ZY3725、25mm","台",2,"2011-12-31",{"v":45600,"d":"45,600.00"},{"v":0.4,"d":"40%"},{"v":18240,"d":"18,240.00"}]
[138,"摇臂钻床","Z3132/32mm","台",1,"2011-12-31",{"v":11900,"d":"11,900.00"},{"v":0.4,"d":"40%"},{"v":4760,"d":"4,760.00"}]
[139,"试压泵",null,"台",3,"2011-12-31",{"v":9750,"d":"9,750.00"},{"v":0.4,"d":"40%"},{"v":3900,"d":"3,900.00"}]
[140,"切割机","二相","台",2,"2011-12-31",{"v":9600,"d":"9,600.00"},{"v":0.4,"d":"40%"},{"v":3840,"d":"3,840.00"}]
[141,"切割机","三相","台",2,"2011-12-31",{"v":9600,"d":"9,600.00"},{"v":0.4,"d":"40%"},{"v":3840,"d":"3,840.00"}]
[142,"发电机","大","台",3,"2011-12-31",{"v":9300,"d":"9,300.00"},{"v":0.4,"d":"40%"},{"v":3720,"d":"3,720.00"}]
[143,"发电机",null,"台",2,"2011-12-31",{"v":6200,"d":"6,200.00"},{"v":0.4,"d":"40%"},{"v":2480,"d":"2,480.00"}]
[144,"电机",null,"台",8,"2011-12-31",{"v":2500,"d":"2,500.00"},{"v":0.4,"d":"40%"},{"v":1000,"d":"1,000.00"}]
[145,"大八相滑子",null,"台",2,"2011-12-31",{"v":320,"d":"320.00"},{"v":0.4,"d":"40%"},{"v":128,"d":"128.00"}]
[146,"电动千斤顶",null,"台",3,"2011-12-31",{"v":7500,"d":"7,500.00"},{"v":0.4,"d":"40%"},{"v":3000,"d":"3,000.00"}]
[147,"保险柜",null,"台",2,"2011-12-31",{"v":1980,"d":"1,980.00"},{"v":0.4,"d":"40%"},{"v":792,"d":"792.00"}]
[148,"锅炉",null,"台",1,"2011-12-31",{"v":1969,"d":"1,969.00"},{"v":0.4,"d":"40%"},{"v":787.6,"d":"787.60"}]
[149,"蒸饭器",null,"台",1,"2011-12-31",{"v":2300,"d":"2,300.00"},{"v":0.4,"d":"40%"},{"v":920,"d":"920.00"}]
[150,"冰柜",null,"台",1,"2011-12-31",{"v":5300,"d":"5,300.00"},{"v":0.4,"d":"40%"},{"v":2120,"d":"2,120.00"}]
[151,"试压泵",null,"台",2,"2011-12-31",{"v":6500,"d":"6,500.00"},{"v":0.4,"d":"40%"},{"v":2600,"d":"2,600.00"}]
[152,"水泵",null,"台",4,"2011-12-31",{"v":9520,"d":"9,520.00"},{"v":0.4,"d":"40%"},{"v":3808,"d":"3,808.00"}]
[153,"压线钳",null,"套",5,"2011-12-31",{"v":8000,"d":"8,000.00"},{"v":0.4,"d":"40%"},{"v":3200,"d":"3,200.00"}]
["合计",{"$nulls":7},{"v":1476161.4,"d":"1,476,161.40"}]
["车辆"]
[1,"川BP5581","长城牌CC1027SSD43","辆",1,"2009-11-24",null,null,{"v":3750,"d":"3,750.00"}]
[2,"川BLE916","长城牌CC1031PS4D","辆",1,"2011-09-19",null,null,{"v":15000,"d":"15,000.00"}]
[3,"川BEC830","东风日产牌DFL6430MBC1","辆",1,"2011-08-08",null,null,{"v":39480,"d":"39,480.00"}]
["合计",{"$nulls":7},{"v":58230,"d":"58,230.00"}]

{"sheet":"Sheet2","index":1,"n_rows":80,"n_cols":9,"rows_kept":80,"flags":["formulas_cached_only"]}
[20,"龙门吊","10T","台",14,"2009-01-31",{"v":1120000,"d":"1,120,000.00"},{"v":0.3,"d":"30%"},{"v":336000,"d":"336,000.00"}]
[21,"龙门吊","5T","台",2,"2009-01-31",{"v":92000,"d":"92,000.00"},{"v":0.3,"d":"30%"},{"v":27600,"d":"27,600.00"}]
[22,"交流电焊机",null,"台",129,"2009-01-31",{"v":276060,"d":"276,060.00"},{"v":0.3,"d":"30%"},{"v":82818,"d":"82,818.00"}]
[23,"直流电焊机",630,"台",15,"2009-01-31",{"v":38250,"d":"38,250.00"},{"v":0.3,"d":"30%"},{"v":11475,"d":"11,475.00"}]
[24,"直流电焊机","小","台",5,"2009-05-31",{"v":12750,"d":"12,750.00"},{"v":0.3,"d":"30%"},{"v":3825,"d":"3,825.00"}]
[25,"二保电焊机",null,"台",8,"2009-05-31",{"v":32000,"d":"32,000.00"},{"v":0.3,"d":"30%"},{"v":9600,"d":"9,600.00"}]
[26,"埋弧电焊机",null,"台",5,"2009-05-31",{"v":175720,"d":"175,720.00"},{"v":0.3,"d":"30%"},{"v":52716,"d":"52,716.00"}]
[27,"等离子焊机",null,"台",1,"2009-10-31",{"v":5500,"d":"5,500.00"},{"v":0.3,"d":"30%"},{"v":1650,"d":"1,650.00"}]
[28,"卷板机","15-25*2000","台",20,"2009-10-31",{"v":1714000,"d":"1,714,000.00"},{"v":0.2,"d":"20%"},{"v":342800,"d":"342,800.00"}]
[29,"卷板机","10*1800","台",1,"2009-10-31",{"v":13000,"d":"13,000.00"},{"v":0.2,"d":"20%"},{"v":2600,"d":"2,600.00"}]
[30,"卷扬机","5T","台",12,"2009-10-31",{"v":153600,"d":"153,600.00"},{"v":0.2,"d":"20%"},{"v":30720,"d":"30,720.00"}]
[31,"卷扬机","1-3T","台",22,"2009-10-31",{"v":127600,"d":"127,600.00"},{"v":0.2,"d":"20%"},{"v":25520,"d":"25,520.00"}]
[32,"经纬仪",null,"台",7,"2009-10-31",{"v":42000,"d":"42,000.00"},{"v":0.2,"d":"20%"},{"v":8400,"d":"8,400.00"}]
[33,"水准仪 ",null,"台",17,"2009-10-31",{"v":17000,"d":"17,000.00"},{"v":0.2,"d":"20%"},{"v":3400,"d":"3,400.00"}]
[34,"探伤仪",null,"台",3,"2010-01-31",{"v":25500,"d":"25,500.00"},{"v":0.3,"d":"30%"},{"v":7650,"d":"7,650.00"}]
[35,"空压机","63带杀罐，储气罐","台",4,"2010-01-31",{"v":20000,"d":"20,000.00"},{"v":0.3,"d":"30%"},{"v":6000,"d":"6,000.00"}]
[36,"空压机",null,"台",15,"2010-01-31",{"v":30000,"d":"30,000.00"},{"v":0.3,"d":"30%"},{"v":9000,"d":"9,000.00"}]
[37,"储气罐",null,"台",5,"2010-01-31",{"v":11500,"d":"11,500.00"},{"v":0.3,"d":"30%"},{"v":3450,"d":"3,450.00"}]
[38,"打码机",null,"台",2,"2010-02-28",{"v":5200,"d":"5,200.00"},{"v":0.3,"d":"30%"},{"v":1560,"d":"1,560.00"}]
[39,"扭剪扳手",null,"台",1,"2010-02-28",{"v":4300,"d":"4,300.00"},{"v":0.3,"d":"30%"},{"v":1290,"d":"1,290.00"}]
[40,"磁力钻",null,"台",3,"2010-02-28",{"v":8550,"d":"8,550.00"},{"v":0.3,"d":"30%"},{"v":2565,"d":"2,565.00"}]
[41,"硫化机",null,"台",1,"2010-11-30",{"v":50000,"d":"50,000.00"},{"v":0.3,"d":"30%"},{"v":15000,"d":"15,000.00"}]
[42,"校直机",null,"台",1,"2010-11-30",{"v":6600,"d":"6,600.00"},{"v":0.3,"d":"30%"},{"v":1980,"d":"1,980.00"}]
[43,"电动扭力扳手",null,"台",2,"2010-11-30",{"v":5300,"d":"5,300.00"},{"v":0.3,"d":"30%"},{"v":1590,"d":"1,590.00"}]
[44,"液压弯管器",null,"台",6,"2010-11-30",{"v":13800,"d":"13,800.00"},{"v":0.3,"d":"30%"},{"v":4140,"d":"4,140.00"}]
[45,"液压千斤顶","200t","台",2,"2010-11-30",{"v":18400,"d":"18,400.00"},{"v":0.3,"d":"30%"},{"v":5520,"d":"5,520.00"}]
[46,"液压千斤顶","100t","台",10,"2010-11-30",{"v":40000,"d":"40,000.00"},{"v":0.3,"d":"30%"},{"v":12000,"d":"12,000.00"}]
[47,"液压千斤顶","8T-50T","台",15,"2010-11-30",{"v":51000,"d":"51,000.00"},{"v":0.3,"d":"30%"},{"v":15300,"d":"15,300.00"}]
[48,"机械千斤顶","8T-32t","台",20,"2010-11-30",{"v":38000,"d":"38,000.00"},{"v":0.3,"d":"30%"},{"v":11400,"d":"11,400.00"}]
[49,"机械千斤顶","50t","台",6,"2010-11-30",{"v":13560,"d":"13,560.00"},{"v":0.3,"d":"30%"},{"v":4068,"d":"4,068.00"}]
[50,"手拉葫芦","20T","台",7,"2010-11-30",{"v":66080,"d":"66,080.00"},{"v":0.3,"d":"30%"},{"v":19824,"d":"19,824.00"}]
[51,"手拉葫芦","10T","台",14,"2010-11-30",{"v":69986,"d":"69,986.00"},{"v":0.3,"d":"30%"},{"v":20995.8,"d":"20,995.80"}]
[52,"手拉葫芦","1-3T","台",75,"2010-11-30",{"v":126750,"d":"126,750.00"},{"v":0.3,"d":"30%"},{"v":38025,"d":"38,025.00"}]
[53,"手拉葫芦","5T","台",80,"2011-03-31",{"v":88000,"d":"88,000.00"},{"v":0.4,"d":"40%"},{"v":35200,"d":"35,200.00"}]
[54,"烘箱",null,"台",3,"2011-03-31",{"v":9300,"d":"9,300.00"},{"v":0.4,"d":"40%"},{"v":3720,"d":"3,720.00"}]
[55,"角磨机",null,"台",3,"2011-03-31",{"v":3300,"d":"3,300.00"},{"v":0.4,"d":"40%"},{"v":1320,"d":"1,320.00"}]
[56,"搅拌机",null,"台",4,"2011-03-31",{"v":9200,"d":"9,200.00"},{"v":0.4,"d":"40%"},{"v":3680,"d":"3,680.00"}]
[57,"电锤",null,"台",4,"2011-03-31",{"v":8800,"d":"8,800.00"},{"v":0.4,"d":"40%"},{"v":3520,"d":"3,520.00"}]
[58,"框式水平仪",null,"台",37,"2011-03-31",{"v":45140,"d":"45,140.00"},{"v":0.4,"d":"40%"},{"v":18056,"d":"18,056.00"}]
[59,"条式水平仪",null,"台",7,"2011-03-31",{"v":7700,"d":"7,700.00"},{"v":0.4,"d":"40%"},{"v":3080,"d":"3,080.00"}]
[60,"电动导丝机","1/2\"-3\"","台",8,"2011-03-31",{"v":24800,"d":"24,800.00"},{"v":0.4,"d":"40%"},{"v":9920,"d":"9,920.00"}]
[61,"半自动割刀",null,"台",11,"2011-04-30",{"v":82500,"d":"82,500.00"},{"v":0.4,"d":"40%"},{"v":33000,"d":"33,000.00"}]
[62,"台式砂轮机",null,"台",4,"2011-04-30",{"v":4800,"d":"4,800.00"},{"v":0.4,"d":"40%"},{"v":1920,"d":"1,920.00"}]
[63,"电动扳手",null,"台",3,"2011-04-30",{"v":9600,"d":"9,600.00"},{"v":0.4,"d":"40%"},{"v":3840,"d":"3,840.00"}]
[64,"手电钻",null,"台",3,"2011-04-30",{"v":6300,"d":"6,300.00"},{"v":0.4,"d":"40%"},{"v":2520,"d":"2,520.00"}]
[65,"扭力扳手",null,"台",10,"2011-04-30",{"v":42000,"d":"42,000.00"},{"v":0.4,"d":"40%"},{"v":16800,"d":"16,800.00"}]
[66,"钢板夹",null,"台",15,"2011-04-30",{"v":25320,"d":"25,320.00"},{"v":0.4,"d":"40%"},{"v":10128,"d":"10,128.00"}]
[67,"木工台锯，刨木机",null,"台",3,"2011-04-30",{"v":5280,"d":"5,280.00"},{"v":0.4,"d":"40%"},{"v":2112,"d":"2,112.00"}]
[68,"龙门钳",null,"台",2,"2011-04-30",{"v":720,"d":"720.00"},{"v":0.4,"d":"40%"},{"v":288,"d":"288.00"}]
[69,"行走小车","3T","台",3,"2011-04-30",{"v":14400,"d":"14,400.00"},{"v":0.4,"d":"40%"},{"v":5760,"d":"5,760.00"}]
[70,"配电柜",null,"台",15,"2011-04-30",{"v":34500,"d":"34,500.00"},{"v":0.4,"d":"40%"},{"v":13800,"d":"13,800.00"}]
[72,"电磨",null,"台",2,"2011-04-30",{"v":2600,"d":"2,600.00"},{"v":0.4,"d":"40%"},{"v":1040,"d":"1,040.00"}]
[73,"叉车",null,"台",6,"2011-04-30",{"v":192000,"d":"192,000.00"},{"v":0.4,"d":"40%"},{"v":76800,"d":"76,800.00"}]
[74,"振动电机",null,"台",9,"2011-04-30",{"v":24750,"d":"24,750.00"},{"v":0.4,"d":"40%"},{"v":9900,"d":"9,900.00"}]
[75,"行走小车","5T","台",4,"2011-04-30",{"v":19200,"d":"19,200.00"},{"v":0.4,"d":"40%"},{"v":7680,"d":"7,680.00"}]
[76,"电动坡口机",null,"台",1,"2011-04-30",{"v":2600,"d":"2,600.00"},{"v":0.4,"d":"40%"},{"v":1040,"d":"1,040.00"}]
[77,"手动扳丝机","1-2\"-2","台",4,"2011-04-30",{"v":8200,"d":"8,200.00"},{"v":0.4,"d":"40%"},{"v":3280,"d":"3,280.00"}]
[78,"手动扳丝机","4\"","台",1,"2011-04-30",{"v":2050,"d":"2,050.00"},{"v":0.4,"d":"40%"},{"v":820,"d":"820.00"}]
[79,"手摇抽油泵",null,"台",6,"2011-04-30",{"v":18000,"d":"18,000.00"},{"v":0.4,"d":"40%"},{"v":7200,"d":"7,200.00"}]
[80,"潜水泵",null,"台",3,"2011-12-31",{"v":9900,"d":"9,900.00"},{"v":0.4,"d":"40%"},{"v":3960,"d":"3,960.00"}]
[81,"柴油发电机",null,"台",3,"2011-12-31",{"v":5100,"d":"5,100.00"},{"v":0.4,"d":"40%"},{"v":2040,"d":"2,040.00"}]
[82,"鼓风机",null,"台",5,"2011-12-31",{"v":15500,"d":"15,500.00"},{"v":0.4,"d":"40%"},{"v":6200,"d":"6,200.00"}]
[83,"摇臂钻床","Z35、50mm","台",1,"2011-12-31",{"v":19800,"d":"19,800.00"},{"v":0.4,"d":"40%"},{"v":7920,"d":"7,920.00"}]
[84,"摇臂钻床","ZY3725、25mm","台",2,"2011-12-31",{"v":45600,"d":"45,600.00"},{"v":0.4,"d":"40%"},{"v":18240,"d":"18,240.00"}]
[85,"摇臂钻床","Z3132/32mm","台",1,"2011-12-31",{"v":11900,"d":"11,900.00"},{"v":0.4,"d":"40%"},{"v":4760,"d":"4,760.00"}]
[86,"试压泵",null,"台",3,"2011-12-31",{"v":9750,"d":"9,750.00"},{"v":0.4,"d":"40%"},{"v":3900,"d":"3,900.00"}]
[87,"切割机","二相","台",2,"2011-12-31",{"v":9600,"d":"9,600.00"},{"v":0.4,"d":"40%"},{"v":3840,"d":"3,840.00"}]
[88,"切割机","三相","台",2,"2011-12-31",{"v":9600,"d":"9,600.00"},{"v":0.4,"d":"40%"},{"v":3840,"d":"3,840.00"}]
[89,"发电机","大","台",3,"2011-12-31",{"v":9300,"d":"9,300.00"},{"v":0.4,"d":"40%"},{"v":3720,"d":"3,720.00"}]
[90,"发电机",null,"台",2,"2011-12-31",{"v":6200,"d":"6,200.00"},{"v":0.4,"d":"40%"},{"v":2480,"d":"2,480.00"}]
[91,"电机",null,"台",8,"2011-12-31",{"v":2500,"d":"2,500.00"},{"v":0.4,"d":"40%"},{"v":1000,"d":"1,000.00"}]
[92,"大八相滑子",null,"台",2,"2011-12-31",{"v":320,"d":"320.00"},{"v":0.4,"d":"40%"},{"v":128,"d":"128.00"}]
[93,"电动千斤顶",null,"台",3,"2011-12-31",{"v":7500,"d":"7,500.00"},{"v":0.4,"d":"40%"},{"v":3000,"d":"3,000.00"}]
[94,"保险柜",null,"台",2,"2011-12-31",{"v":1980,"d":"1,980.00"},{"v":0.4,"d":"40%"},{"v":792,"d":"792.00"}]
[95,"锅炉",null,"台",1,"2011-12-31",{"v":1969,"d":"1,969.00"},{"v":0.4,"d":"40%"},{"v":787.6,"d":"787.60"}]
[96,"蒸饭器",null,"台",1,"2011-12-31",{"v":2300,"d":"2,300.00"},{"v":0.4,"d":"40%"},{"v":920,"d":"920.00"}]
[97,"冰柜",null,"台",1,"2011-12-31",{"v":5300,"d":"5,300.00"},{"v":0.4,"d":"40%"},{"v":2120,"d":"2,120.00"}]
[98,"试压泵",null,"台",2,"2011-12-31",{"v":6500,"d":"6,500.00"},{"v":0.4,"d":"40%"},{"v":2600,"d":"2,600.00"}]
[99,"水泵",null,"台",4,"2011-12-31",{"v":9520,"d":"9,520.00"},{"v":0.4,"d":"40%"},{"v":3808,"d":"3,808.00"}]
[100,"压线钳",null,"套",5,"2011-12-31",{"v":8000,"d":"8,000.00"},{"v":0.4,"d":"40%"},{"v":3200,"d":"3,200.00"}]

{"sheet":"Sheet3","index":2,"n_rows":0,"n_cols":0,"rows_kept":0,"flags":["formulas_cached_only"]}